000 00453nam a2200169 4500
001 132417
003 ES-MaACL
005 20230906194155.0
007 t|
008 070214s1935 sp r ||||1| spa d
080 _a008"1935":86-4"19"
100 1 _aRomero Flores, H. R.
_999392
245 1 0 _aPerfil moral de nuestra hora /
_cH. R. Romero Flores.
260 _aMadrid :
_bYunque,
_c1935.
300 _a274 p. ;
_c20 cm.
852 _aES-MaACL
_jA-4003
999 _c132417
_d132417